Review of the Assisted Areas (Record no. 105212)
[ view plain ]
| 000 -LEADER | |
|---|---|
| fixed length control field | 01317cam a2200205 4500 |
| 001 - CONTROL NUMBER | |
| control field | ##L132676 |
| 008 - FIXED-LENGTH DATA ELEMENTS--GENERAL INFORMATION | |
| fixed length control field | 060228n2006 000 0 eng u |
| 035 ## - SYSTEM CONTROL NUMBER | |
| System control number | (Sirsi) u132676 |
| 041 0# - LANGUAGE CODE | |
| Language code of text/sound track or separate title | eng |
| 050 04 - LIBRARY OF CONGRESS CALL NUMBER | |
| Classification number | 338.94 $2 18 |
| 110 1# - MAIN ENTRY--CORPORATE NAME | |
| Corporate name or jurisdiction name as entry element | United Kingdom |
| Subordinate unit | Department of Trade and Industry |
| 245 00 - TITLE STATEMENT | |
| Title | Review of the Assisted Areas |
| Remainder of title | stage 1 - identifying criteria: consultation paper by the Department of Trade and Industry |
| 260 ## - PUBLICATION, DISTRIBUTION, ETC. | |
| Place of publication, distribution, etc. | London |
| Name of publisher, distributor, etc. | DTI |
| Date of publication, distribution, etc. | 2006 |
| 520 ## - SUMMARY, ETC. | |
| Summary, etc. | This DTI consultation seeks views on the designation of future Assisted Areas. Government is reviewing the Assisted Areas of the UK in response to the new European Commission guidelines on regional aid adopted on 21 December 2005. The current Assisted Areas were designated in 2000. The new guidelines will apply from 2007 to 2013 and replace existing guidelines in December 2006. They aim for less and better targeted state aid in line with the conclusions of successive European Councils and agreed by all member states. The first stage consultation ends on 19 April 2006. |
| 590 ## - LOCAL NOTE (RLIN) | |
| Local note | IKA280206 |
| 650 24 - SUBJECT ADDED ENTRY--TOPICAL TERM | |
| Topical term or geographic name entry element | ASSISTED AREAS |
| 690 ## - LOCAL SUBJECT ADDED ENTRY--TOPICAL TERM (OCLC, RLIN) | |
| Topical term or geographic name as entry element | ENVIRONMENTAL AND LAND CONSULTANCY-PLANNING AND DEVELOPMENT-STRATEGIC PLANNING |
| 856 40 - ELECTRONIC LOCATION AND ACCESS | |
| Uniform Resource Identifier | <a href="https://www.dti.gov.uk/regions/">https://www.dti.gov.uk/regions/</a> |
| Public note | View the consultation free of charge of www.dti.gov.uk... |
| 942 ## - ADDED ENTRY ELEMENTS (KOHA) | |
| Suppress in OPAC | 0 |
| Withdrawn status | Lost status | Source of classification or shelving scheme | Damaged status | Not for loan | Home library | Current library | Shelving location | Date acquired | Total Checkouts | Full call number | Barcode | Date last seen | Copy number | Price effective from | Koha item type |
|---|---|---|---|---|---|---|---|---|---|---|---|---|---|---|---|
| Dewey Decimal Classification | Virtual | Virtual | Online | 28/02/2006 | ONLINE PUBLICATION | 132676-2001 | 06/08/2019 | 1 | 06/08/2019 | Book |